Obálka
Pro půjčování e-knih musíte být přihlášeni.
Jak si půjčit online?

Valentýnka a daleké kraje /

Uloženo v:
Série:Valentýnka, část 2
Hlavní autor: Peroutková, Ivana, 1960- (Autor)
Další autoři: Drbohlav, Jan, 1968- (Autor), Andrlová, Ivana, 1960- (Režisér)
Médium: E-audiokniha
Jazyk:Czech
Vydáno: Praha : Albatros, 2025
Témata:
Příbuzné jednotky:Z cyklu:: Valentýnka
Tagy:
Žádné tagy
LEADER 03981nim a2200877 i 4500
001 313453
003 CZ PrSKC
005 20260601215743.0
007 sd fungnnmmned
008 250808s2025 xr nnnnj f n cze
015 |a cnb003703609 
020 |a 9788000078113 :  |c Kč 299,00 
040 |a ABA001  |b cze  |e rda 
072 7 |a 821.162.3-3  |x Česká próza  |2 Konspekt 
072 7 |a 821-93  |x Literatura pro děti a mládež (beletrie)  |2 Konspekt 
080 |a 821.162.3-32  |2 MRF 
080 |a 821-93  |2 MRF 
080 |a (0:82-32)  |2 MRF 
080 |a (086.7.053.2)  |2 MRF 
080 |a (086.7)08  |2 MRF 
080 |a (086.76)  |2 MRF 
100 1 |a Peroutková, Ivana,  |d 1960-  |7 jn20000401963  |4 aut 
245 1 0 |a Valentýnka a daleké kraje /  |c Ivana Peroutková 
264 1 |a Praha :  |b Albatros,  |c 2025 
300 |a 1 audiodisk (2 hod., 3 min.) ;  |c 12 cm 
306 |a 020300 
336 |a mluvené slovo  |b spw  |2 rdacontent 
337 |a audio  |b s  |2 rdamedia 
338 |a audiodisk  |b sd  |2 rdacarrier 
344 |a digital  |b optical  |2 rda 
347 |a audio soubor  |b MP3  |2 rda 
500 |a Název z disku 
500 |a Vydalo nakladatelství Albatros ve společnosti Albatros Media a.s. 
500 |a Podle stejnojmenné knihy vydané nakladatelstvím Albatros v roce 2019 
500 |a Nezkrácená audiokniha ve formátu MP3 
508 |a Režie, Jan Drbohlav 
511 0 |a Čte Ivana Andrlová 
518 |o Nahráno  |d květen 2025  |p studio S Pro Alfa 
521 8 |a Pro posluchače od 7 let 
655 7 |a české příběhy  |7 fd133973  |2 czenas 
655 7 |a zvukové záznamy pro děti a mládež  |7 fd186726  |2 czenas 
655 7 |a audioknihy  |7 fd119452  |2 czenas 
655 7 |a kompaktní disky  |7 fd201991  |2 czenas 
655 9 |a Czech stories  |2 eczenas 
655 9 |a juvenile sound recordings  |2 eczenas 
655 9 |a audiobooks  |2 eczenas 
655 9 |a compact discs  |2 eczenas 
700 1 |a Drbohlav, Jan,  |d 1968-  |7 xx0057821  |4 drt 
700 1 |a Andrlová, Ivana,  |d 1960-  |7 ola2002110791  |4 nrt 
787 0 8 |i Z cyklu:  |t Valentýnka  |g 2 
900 |a ABA001  |b 20 
044 |a xr 
505 0 0 |t 01_Valentynka zpiva o zahade (5 min., 10 sek.) 
505 0 0 |t 02_Jak to vypadalo v cestovni kancelari (7 min., 36 sek.) 
505 0 0 |t 03_Valentynka sni o dalekych krajich a sklada veselou pisnicku (6 min., 9 sek.) 
505 0 0 |t 04_Rodinny rozhovor ktery se Valentynce naramne hodi (5 min., 10 sek.) 
505 0 0 |t 05_Tajna domluva v podkrovi (7 min., 49 sek.) 
505 0 0 |t 06_Jonas vymyslel zajimavy katalog (9 min., 40 sek.) 
505 0 0 |t 07_Zuzka kresli hotylek (5 min., 58 sek.) 
505 0 0 |t 08_Petuv neobycejny katalog plny nevyhod (5 min., 1 sek.) 
505 0 0 |t 09_Navsteva u pana Konstantina (4 min., 14 sek.) 
505 0 0 |t 10_Valentyncin napad a dalsi pisnicka (7 min., 0 sek.) 
505 0 0 |t 11_Co se delo nasledujici den v podkrovi (9 min., 29 sek.) 
505 0 0 |t 12_O cem snila a zpivala Valentynka (4 min., 5 sek.) 
505 0 0 |t 13_Napad s letacky (5 min., 38 sek.) 
505 0 0 |t 14_Valentynka vede telefonni rozhovor ktery ovsem dopadne uplne jinak nez puvodne zamyslela (7 min., 13 sek.) 
505 0 0 |t 15_Valentynka se priznava a babicka s tetou Helenou jednaji (7 min., 23 sek.) 
505 0 0 |t 16_Tezka zkouska a skvela merunkova marmelada (5 min., 18 sek.) 
505 0 0 |t 17_Rozlusteni Jonasovy otazky (4 min., 2 sek.) 
505 0 0 |t 18_Posledni ukol (4 min., 44 sek.) 
505 0 0 |t 19_Slavny odjezd pana Konstantina (3 min., 56 sek.) 
505 0 0 |t 20_Jak to bylo doopravdy s cestovni kancelari Zabak a Litalka (3 min., 43 sek.) 
505 0 0 |t 21_Vecerni rozprava (3 min., 35 sek.) 
910 |a RBIT002 
998 |d 421168  |a https://core.palmknihy.cz/api/books/421168/cover?syifbt  |b https://core.palmknihy.cz/api/books/421168/cover/400?syifbt  |c https://core.palmknihy.cz/api/books/421168/cover/50?syifbt  |e 2036-12-31  |i 9788000078113  |l 7380  |q 49  |r 1  |s https://www.palmknihy.cz/kniha/421168  |t audiobook  |y 2025  |z 0  |v Valentýnka  |w 2 
999 |d 313451